| 000 | 00643nam a2200205Ia 4500 | ||
|---|---|---|---|
| 001 | 12865 | ||
| 003 | GE_BSU | ||
| 008 | 181216s||||||||xx |||||||||||||| ||und|| | ||
| 040 | _cGE_BSU | ||
| 080 | _a631.4(076) | ||
| 245 | _aАгротехнические методы исследования почв | ||
| 245 | _cОтв.ред.А.В.Соколов. Д.Л.Аскинази | ||
| 250 | _a4-ое дополн.и перераб. | ||
| 260 | _aМосква | ||
| 260 | _bНаука | ||
| 260 | _c1965 | ||
| 300 | _a436p.илл.20cm. | ||
| 653 | _aАгротехнические методы исследования почв | ||
| 942 | _cBK | ||
| 999 |
_c46035 _d46035 |
||